| 000 | 00714nam a2200217Ia 4500 | ||
|---|---|---|---|
| 003 | OSt | ||
| 005 | 20240927103510.0 | ||
| 008 | 220927b |||||||| |||| 00| 0 hin d | ||
| 020 |
_c1100 _a9788192920900 |
||
| 037 |
_b4551, 20/11/2015, Meharchand Lachhmandas Publicaitons _cTextual |
||
| 040 |
_aSDCL _cSDCL _bhin |
||
| 041 |
_2hin _ahin |
||
| 082 | _aY:1.2'A Q4 | ||
| 100 |
_aMishra, Rahul _9429352 |
||
| 245 | 0 |
_aVedic Bharat : _b Samaj evam sanskriti. |
|
| 260 |
_aDelhi : _bAbhay Publications, _c2014. |
||
| 300 | _av,280p | ||
| 650 |
_aSanskrit _9391587 |
||
| 942 |
_hY:1.2'A Q4 _cTEXL _2CC |
||
| 999 |
_c745885 _d745885 |
||